Normal view
MARC view
Entry Personal Name
001 - CONTROL NUMBER
- control field: 7055
003 - CONTROL NUMBER IDENTIFIER
- control field: OSt
005 - DATE AND TIME OF LATEST TRANSACTION
- control field: 20211028143948.0
008 - FIXED-LENGTH DATA ELEMENTS
- fixed length control field: 211028|| aca||aabn | a|a d
040 ## - CATALOGING SOURCE
- Original cataloging agency: OSt
- Transcribing agency: OSt
100 ## - HEADING--PERSONAL NAME
- Personal name: Vernekar, Pavankumar J; Amin, Venkatesh S.
- Miscellaneous information: 1116114
670 ## - SOURCE DATA FOUND
- Source citation: Work cat.: (OSt): Vernekar, Pavankumar J; Amin, Venkatesh S. 1116114, Evaluation of customer perception towards campco chocolates at campco ltd Mangalore., 2013